Chicago Subway Stops (Red Line) - Statistics

General Stats
  • This quiz has been taken 34 times
  • The average score is 17 of 33
Answer Stats
Hint Answer % Correct
Rogers Park (Red/Yellow/Purple) Howard
90%
Roseland (Chicago State University) 95th/Dan Ryan
65%
Lakeview (Wrigleyville + Chicago Cubs) Addison
65%
Near North Side (Rush & Division) Chicago
60%
The Loop (State Street Subway) Lake
60%
Rogers Park Morse
60%
Englewood (Drill Music) 63rd
55%
Chatham 79th
55%
Chatham 87th
55%
Lakeview (Red/Brown/Purple) Belmont
55%
Rogers Park (Ramblers) Loyola
55%
The Loop (State Street Subway) Monroe
55%
Uptown (Red/Purple) Wilson
55%
Greater Grand Crossing 69th
50%
Edgewater Bryn Mawr
50%
Near North Side (Gold Coast) Clark/Division
50%
Lincoln Park (DePaul University + Red/Brown/Purple) Fullerton
50%
Edgewater (North Edgewater) Granville
50%
The Loop (State Street Subway) Jackson
50%
Rogers Park Jarvis
50%
Uptown Lawrence
50%
Armour Square (Chicago White Sox) Sox-35th
50%
Edgewater Thorndale
50%
Fuller Park (Bronzeville) 47th
45%
Uptown (New Chinatown) Argyle
45%
Armour Square (Chinatown) Cermak-Chinatown
45%
Near North Side (River North Gallery District) Grand
45%
Near North Side (Old Town) North/Clybourn
45%
Lakeview (Graceland Cemetery) Sheridan
45%
Edgewater Berwyn
40%
The Loop (State Street Subway + Printers Row) Harrison
40%
The Loop (State Street Subway) Roosevelt
40%
Fuller Park (Washington Park) Garfield
35%
No matching quizzes found
Score Distribution
Percent of People with Each Score
Percentile by Number Answered
Your Score History
You have not taken this quiz